| 000 | 00852nam a2200229 i 4500 | ||
|---|---|---|---|
| 001 | 96388 | ||
| 003 | ES-MaACL | ||
| 005 | 20230906181914.0 | ||
| 007 | t| | ||
| 008 | 050616s1981 sp ||||1| spa d | ||
| 100 | 1 |
_aMajada Neila, José Luis. _975641 |
|
| 245 | 1 | 0 |
_aHistoria de la Nieve de Béja _b: (El texto y el contexto) / _cJosé Luis Majada Neila. |
| 250 | _a2ª ed. | ||
| 260 |
_aSalamanca : _bCentro de Estudios Salmantinos, Consejo Superior de Investigaciones Cientificas, _c1981. |
||
| 300 |
_a71 p. 2 lám. ; _c25 cm. |
||
| 490 | 1 |
_aPublicaciones del Centro de Estudios Salmantinos ; _v16 |
|
| 651 | 4 |
_aBéjar- _xHistoria. _9163155 |
|
| 710 | 2 |
_aCentro de Estudios Salmantinos. _92668 |
|
| 830 | 0 |
_aPublicaciones del Centro de Estudios Salmantinos ; _v16 _9184387 |
|
| 852 |
_aES-MaACL _jL-1587 _bR.102664 |
||
| 999 |
_c96388 _d96388 |
||